| 000 | 00747cab a2200217 4500 | ||
|---|---|---|---|
| 001 | WB3216-37 | ||
| 008 | 090401t1996 xxu||||| |||| 00| 0 eng d | ||
| 035 | _a(Sirsi) u74021 | ||
| 041 | _aeng | ||
| 245 | _aBenevolent fund relaunched | ||
| 260 | _c1996 | ||
| 350 | _a0 | ||
| 490 |
_aEstates Gazette _v(9616) 20 April 1996, 38(1) |
||
| 520 | _aThe RICS Benevolent Fund is being relaunched with the name Lionheart. The staff will move to Coventry and embark on a new fund-raising effort. | ||
| 650 | _aABOUT RICS-RELATED ORGANISATIONA-RICS BENEVOLENT FUND | ||
| 650 | _aABOUT RICS-RELATED ORGANISATIONS-LIONHEART | ||
| 650 | _aRICS | ||
| 690 | _aMANAGEMENT-BUSINESS MANAGEMENT-PROFESSIONAL PRACTICE | ||
| 942 | _n0 | ||
| 948 | _c04/03/1997 | ||
| 999 |
_c46722 _d46722 |
||